000 00832nam a22002657a 4500
005 20230512223703.0
008 210426t xxu||||| |||| 00| 0 eng d
020 _a9789383992232
040 _cCSPC
082 0 _a005.74
_bSh23a
100 _aSharma, Yogesh
_eauthor.
245 0 0 _aAdvanced database management system
_b(for engineering students)/
_cYogesh Sharma
260 _aNew Delhi :
_bBhavya Books (BET),
_c2017.
300 _a320 pages :
_bfigures, tables ;
_c25 cm.
336 _2rdacontent
_atext
337 _2rdamedia
_aunmediated
338 _2rdacarrier
_avolume
500 _aIncludes index.
650 1 0 _aDatabase management.
700 1 _aAgarwal, Devesh
_eauthor.
940 _aLenie
942 _cBOOK
_jCIR 005.74 Sh23a 2017
999 _c11269
_d11269